000 00948nas a2200313 4500
001 BR2011004909
003 BR-BrBNA
005 20231205115111.0
007 ta
008 230509b bl.|||p| |||| 00| 00por d
040 _aBR-BrBNA
_bpor
_cBiblioteca Nacional de Agricultura
041 _a(Pt)
072 _aF04
100 1 _aVitti, A.C.
100 1 _aFranco, H.C.J.
100 1 _aTrivelin, P.C.O.
100 1 _aFerreira, D.A.
100 1 _aOtto, R.
100 1 _aFortes, C.
100 1 _aFaroni, C.E.
245 1 _aNitrogênio proveniente da adubação nitrogenada e de resíduos culturais na nutrição da cana-planta
650 _aCANA DE AÇUCAR
650 _aFERTILIZANTE NITROGENADO
650 _aADUBAÇÃO
650 _aUREIA
773 0 _tPesquisa Agropecuária Brasileira (Brazil)
_xISSN 0100-204X
_g(Mar 2011), v. 46(3) p. 287-293
_wBR2011004909
909 _a202311
_bLúcia
_c55
_dLúcia Elande
942 _2AGRIS
_n0
_cANA
999 _c212070
_d212070